<?xml version="1.0" encoding="UTF-8"?>
<record
    xmlns:xsi="http://www.w3.org/2001/XMLSchema-instance"
    xsi:schemaLocation="http://www.loc.gov/MARC21/slim http://www.loc.gov/standards/marcxml/schema/MARC21slim.xsd"
    xmlns="http://www.loc.gov/MARC21/slim">

  <leader>01704nam a2200253Ia 4500</leader>
  <controlfield tag="003">OSt</controlfield>
  <controlfield tag="005">20210105090511.0</controlfield>
  <controlfield tag="008">191128s2012    yo     gr     000 0dspa d</controlfield>
  <datafield tag="020" ind1=" " ind2=" ">
    <subfield code="a">9783847364436</subfield>
  </datafield>
  <datafield tag="040" ind1=" " ind2=" ">
    <subfield code="a">CO-JMCR</subfield>
    <subfield code="c">CO-JMCR</subfield>
  </datafield>
  <datafield tag="041" ind1="0" ind2=" ">
    <subfield code="a">spa</subfield>
  </datafield>
  <datafield tag="082" ind1="0" ind2="4">
    <subfield code="a">658.562 /</subfield>
    <subfield code="b">M112g</subfield>
    <subfield code="2">23</subfield>
  </datafield>
  <datafield tag="100" ind1="1" ind2=" ">
    <subfield code="a">Maceo Alvarez , Yosvanis, </subfield>
    <subfield code="e">autor</subfield>
    <subfield code="9">12642</subfield>
  </datafield>
  <datafield tag="245" ind1="1" ind2="0">
    <subfield code="a">Gesti&#xF3;n de los costos de calidad :  </subfield>
    <subfield code="b">procedimiento metodol&#xF3;gico para su c&#xE1;lculo y evaluaci&#xF3;n en la producci&#xF3;n agr&#xED;cola arrocera / </subfield>
    <subfield code="c">Yosvanis Maceo Alvarez</subfield>
  </datafield>
  <datafield tag="260" ind1=" " ind2=" ">
    <subfield code="a">Saarbr&#xFC;cken : </subfield>
    <subfield code="b">Editorial Acad&#xE9;mica Espa&#xF1;ola, </subfield>
    <subfield code="c">2012</subfield>
  </datafield>
  <datafield tag="300" ind1=" " ind2=" ">
    <subfield code="a">49 p&#xE1;ginas ; </subfield>
    <subfield code="c">22 cm.</subfield>
  </datafield>
  <datafield tag="500" ind1=" " ind2=" ">
    <subfield code="a">Incluye datos biogr&#xE1;ficos del autor en contraportada y notas a pie de p&#xE1;gina.</subfield>
  </datafield>
  <datafield tag="504" ind1=" " ind2=" ">
    <subfield code="a">Bibliograf&#xED;a: p&#xE1;ginas 47-49</subfield>
  </datafield>
  <datafield tag="505" ind1="0" ind2=" ">
    <subfield code="a">Marco conceptual te&#xF3;rico -- Dise&#xF1;o de los procedimientos para la determinaci&#xF3;n y evaluaci&#xF3;n de los costos de calidad -- Aplicaci&#xF3;n pr&#xE1;ctica del procedimiento propuesto</subfield>
  </datafield>
  <datafield tag="520" ind1="3" ind2=" ">
    <subfield code="a">En el contexto empresarial moderno, los sistemas de calidad se convierten en herramientas de gesti&#xF3;n importantes para el logro de los objetivos de las organizaciones, llegando a convertirse en una ventaja competitiva para lograr posiciones estrat&#xE9;gicas en el mercado. Para el logro de esta calidad se incurre en un costo, categor&#xED;a econ&#xF3;mica conocida como costos de calidad. Mediante este texto ponemos a consideraci&#xF3;n del lector una propuesta metodol&#xF3;gica, espec&#xED;ficamente para la producci&#xF3;n agr&#xED;cola arrocera que permita cuantificar los costos por concepto de la calidad y la no calidad. </subfield>
  </datafield>
  <datafield tag="650" ind1="1" ind2="4">
    <subfield code="a">Costos de calidad</subfield>
    <subfield code="x">procedimientos</subfield>
    <subfield code="9">12643</subfield>
  </datafield>
  <datafield tag="650" ind1="1" ind2="4">
    <subfield code="a">Producci&#xF3;n agr&#xED;cola</subfield>
    <subfield code="x">evaluaci&#xF3;n</subfield>
    <subfield code="9">12644</subfield>
  </datafield>
  <datafield tag="942" ind1=" " ind2=" ">
    <subfield code="2">ddc</subfield>
    <subfield code="c">BK</subfield>
  </datafield>
  <datafield tag="999" ind1=" " ind2=" ">
    <subfield code="c">6196</subfield>
    <subfield code="d">6196</subfield>
  </datafield>
  <datafield tag="952" ind1=" " ind2=" ">
    <subfield code="0">0</subfield>
    <subfield code="1">0</subfield>
    <subfield code="2">ddc</subfield>
    <subfield code="4">0</subfield>
    <subfield code="7">0</subfield>
    <subfield code="8">NFIC</subfield>
    <subfield code="a">CPL</subfield>
    <subfield code="b">CPL</subfield>
    <subfield code="d">2018-04-15</subfield>
    <subfield code="e">Donaci&#xF3;n</subfield>
    <subfield code="o">658.562 / M112g </subfield>
    <subfield code="p">430012152</subfield>
    <subfield code="r">2024-05-16 00:00:00</subfield>
    <subfield code="t">Ej.1</subfield>
    <subfield code="y">BK</subfield>
  </datafield>
</record>
